000 00341nam a2200157Ia 4500
003 OSt
005 20231121063622.0
008 170523s9999 xx 000 0 und d
020 _a0-07-463227-2
040 _cIIMT
100 _aKOONTZ- H
245 0 _aESSENTIALS OF MANAGEMENT
260 _bMC GRAW HILL
260 _c2002
942 _2ddc
_c02
999 _c989
_d989